000 00681nam a22002537a 4500
001 BR9210906
003 BR-BrBNA
005 20230928093744.0
007 ta
008 230509b bl.||||| |||| 00| 0 por d
040 _aBR-BrBNA
_bpor
_cBiblioteca Nacional de Agricultura
041 _a(Por)
072 _aN20; K10
090 _ N20 BR9210906
100 1 _aTesta, A.
245 1 _aMecanizacao do desmatamento; as novas fronteiras agricolas
260 3 _aSao Paulo, SP (Brasil):
_bAgronomica Ceres,
_c1983.
300 _a313 p.
500 _a16 ref.
650 _aMecanizacao Agricola
650 _aDesmatamento
909 _a202309
_bLucia
_c55
_dLucia Elande
942 _cBK
999 _c46907
_d46907